Statistics for Country Flags with the Most Yellow

Click here to take the quiz!

General Stats

  • This quiz has been taken 12,900 times
  • The average score is 7 of 8

Answer Stats

Answer % Correct
Spain
98%
Ukraine
93%
Vatican City
91%
Colombia
89%
Bhutan
87%
Ecuador
79%
Brunei
67%
St. Vincent and the Grenadines
53%

Score Distribution

Percentile by Number Answered

Percent of People with Each Score

Your Score History

You have not taken this quiz